000 00476nam a2200181Ia 4500
005 20250508153154.0
008 008 250505s9999 xx 000 0 eng d
037 _aTextual
040 _aFEDL
_beng
_cFEDL
041 _aeng
_2eng
084 _a910.915, LEW
_qFEDL
100 _aLeopold A Starker
245 0 _aDesert
260 _aNew York, USA
_bTime Incorporated
_c1962
300 _a192p.
942 _cTEXL
_h910.915, LEW
999 _c1341028
_d1341028